[Event "IPCA Wch 23rd"]
[Site "Gyumri"]
[Date "2024.07.20"]
[Round "1"]
[White "Samarth, J Rao"]
[Black "Severino, Sander"]
[Result "0-1"]
[WhiteElo "1796"]
[BlackElo "2350"]
[PlyCount "88"]
[EventDate "2024.07.20"]
[EventType "swiss"]
[EventRounds "9"]
[EventCountry "ARM"]
[SourceTitle "CBM 221 Extra"]
[Source "ChessBase"]
[SourceDate "2024.09.30"]
[SourceVersion "1"]
[SourceVersionDate "2024.09.30"]
[SourceQuality "1"]

1. d4 d5 2. e3 c5 3. c3 Nc6 4. f4 Nf6 5. Bd3 Bg4 6. Nf3 e6 7. 0-0 Be7 8. Nbd2 0-0 9. Qe1 Bf5 10. Ne5 Rc8 11. Qe2 a6 12. a4 c4 13. Bb1 Bxb1 14. Rxb1 b5 15. g4 bxa4 16. Ra1 a3 17. bxa3 Ne4 18. Nxe4 dxe4 19. g5 Na5 20. Rb1 f6 21. gxf6 gxf6 22. Ng4 Kh8 23. f5 Nb3 24. Kh1 Qe8 25. Nh6 exf5 26. Nxf5 Rg8 27. Bb2 Bf8 28. Rg1 Rg6 29. Qf2 Qe6 30. Nh4 Rh6 31. Rg2 Rh5 32. Rbg1 Bh6 33. Rf1 f5 34. Rgg1 f4 35. Ng2 f3 36. Nf4 Bxf4 37. exf4 Qh3 38. Qg3 Qxg3 39. Rxg3 Nd2 40. Rgg1 Nxf1 41. Rxf1 Rg8 42. Rf2 Rb5 43. Bc1 Rb1 44. Rf1 e3 0-1

[Event "Titled Tuesday intern op 02nd Jul Early"]
[Site "Chess.com INT"]
[Date "2024.07.02"]
[Round "1"]
[White "Bhagat, Kush"]
[Black "Samarth, J Rao"]
[Result "1-0"]
[WhiteElo "2188"]
[BlackElo "1793"]
[PlyCount "51"]
[EventDate "2024.07.02"]
[EventType "swiss (blitz)"]
[EventRounds "11"]
[EventCountry "USA"]
[SourceTitle "EXT 2025"]
[Source "ChessBase"]
[SourceDate "2024.10.14"]
[SourceVersion "1"]
[SourceVersionDate "2024.10.14"]
[SourceQuality "1"]

1. d4 d5 2. Bf4 e6 3. e3 Bd6 4. Nf3 f5 5. Bd3 Nf6 6. 0-0 0-0 7. h3 c6 8. c4 Bxf4 9. exf4 Ne4 10. Nc3 Nd7 11. Ne5 Qh4 12. cxd5 exd5 13. Qc1 Rf6 14. Qe3 Nxe5 15. dxe5 Rg6 16. Ne2 Be6 17. Nd4 Re8 18. Bxe4 dxe4 19. Rad1 Bd5 20. Nxf5 Qh5 21. Ng3 Qh4 22. Nxe4 Bxe4 23. Qxe4 Rf8 24. e6 Rxf4 25. Qxf4 Qg4 26. Rd8# 1-0

[Event "Jamshedpur Abled op 4th"]
[Site "Jamshedpur"]
[Date "2024.06.27"]
[Round "7"]
[White "Vaibhav, Gautam"]
[Black "Samarth, J Rao"]
[Result "0-1"]
[WhiteElo "1640"]
[BlackElo "1770"]
[PlyCount "74"]
[EventDate "2024.06.25"]
[EventType "swiss"]
[EventRounds "9"]
[EventCountry "IND"]
[SourceTitle "EXT 2025"]
[Source "ChessBase"]
[SourceDate "2024.10.14"]
[SourceVersion "1"]
[SourceVersionDate "2024.10.14"]
[SourceQuality "1"]

1. d4 d5 2. c4 e6 3. Nf3 c6 4. Qc2 Bd6 5. g3 f5 6. Bf4 Nf6 7. Bxd6 Qxd6 8. cxd5 exd5 9. Bg2 Ne4 10. Nc3 Nd7 11. 0-0 0-0 12. Rac1 Qf6 13. e3 g5 14. h4 h6 15. Ne2 Rf7 16. Rcd1 Rg7 17. a4 a5 18. b3 Nf8 19. Nc1 Ng6 20. hxg5 hxg5 21. Nd3 Rh7 22. Rfe1 Be6 23. Kf1 Rf8 24. Ke2 f4 25. gxf4 Bg4 26. Rh1 gxf4 27. Rxh7 Kxh7 28. Rh1+ Kg7 29. Ke1 Bxf3 30. Bxf3 fxe3 31. Bxe4 dxe4 32. Ne5 Nxe5 33. dxe5 Qxf2+ 34. Qxf2 exf2+ 35. Ke2 f1Q+ 36. Rxf1 Rxf1 37. Kxf1 Kg6 0-1

[Event "Titled Tuesday intern op 04th Jun Early"]
[Site "Chess.com INT"]
[Date "2024.06.04"]
[Round "10"]
[White "Antoniou, Rafail"]
[Black "Samarth, J Rao"]
[Result "1/2-1/2"]
[WhiteElo "2027"]
[BlackElo "1770"]
[PlyCount "93"]
[EventDate "2024.06.04"]
[EventType "swiss (blitz)"]
[EventRounds "11"]
[EventCountry "USA"]
[SourceTitle "EXT 2025"]
[Source "ChessBase"]
[SourceDate "2024.10.14"]
[SourceVersion "1"]
[SourceVersionDate "2024.10.14"]
[SourceQuality "1"]

1. b3 Nf6 2. Bb2 e6 3. Nf3 Be7 4. g3 0-0 5. Bg2 b6 6. 0-0 Bb7 7. d3 c5 8. e3 Qc7 9. Qe2 Rd8 10. Nbd2 d6 11. a4 Nbd7 12. Rad1 a6 13. e4 b5 14. axb5 axb5 15. Ra1 Rxa1 16. Rxa1 Ra8 17. Qe1 Qc8 18. e5 Ne8 19. exd6 Nxd6 20. Rxa8 Qxa8 21. Qa1 Qxa1+ 22. Bxa1 Bf6 23. Bxf6 Nxf6 24. Ne5 Bxg2 25. Kxg2 Kf8 26. c4 bxc4 27. bxc4 Ke7 28. Nb3 Nb7 29. Kf3 Nd7 30. Nxd7 Kxd7 31. Ke3 Kd6 32. f4 f6 33. d4 g6 34. Ke4 h6 35. h4 h5 36. Kd3 Kc6 37. Ke4 Kd6 38. Kd3 Kc6 39. dxc5 Nxc5+ 40. Nxc5 Kxc5 41. Kc3 Kc6 42. Kd4 Kd6 43. Kd3 Kc5 44. Kc3 Kc6 45. Kb4 Kb6 46. Kb3 Kc5 47. Kc3 1/2-1/2

[Event "Titled Tuesday intern op 04th Jun Early"]
[Site "Chess.com INT"]
[Date "2024.06.04"]
[Round "8"]
[White "Gallegos, Carlos"]
[Black "Samarth, J Rao"]
[Result "0-1"]
[WhiteElo "2374"]
[BlackElo "1770"]
[PlyCount "102"]
[EventDate "2024.06.04"]
[EventType "swiss (blitz)"]
[EventRounds "11"]
[EventCountry "USA"]
[SourceTitle "EXT 2025"]
[Source "ChessBase"]
[SourceDate "2024.10.14"]
[SourceVersion "1"]
[SourceVersionDate "2024.10.14"]
[SourceQuality "1"]

1. e4 c5 2. Nf3 e6 3. d3 Nc6 4. Be2 g6 5. 0-0 Bg7 6. Nbd2 Nge7 7. c3 0-0 8. Re1 d5 9. Bf1 b6 10. h3 Qc7 11. exd5 Nxd5 12. Nc4 Rd8 13. Qc2 Bb7 14. a4 Rac8 15. g3 a6 16. Bg5 Bf6 17. Bh6 Bg7 18. Bxg7 Kxg7 19. Rad1 Nf6 20. Bg2 b5 21. axb5 axb5 22. Na3 Qb6 23. Qb3 b4 24. Nc4 Qc7 25. Qc2 Ba6 26. Nce5 Bb7 27. Qe2 bxc3 28. bxc3 Nd5 29. Nxc6 Bxc6 30. Ne5 Nxc3 31. Qb2 Nxd1 32. Rxd1 Bxg2 33. Ng4+ Kf8 34. Qh8+ Ke7 35. Qf6+ Kf8 36. Kxg2 h5 37. Ne5 Rd5 38. Nxg6+ Ke8 39. Nf4 Rf5 40. Qh8+ Ke7 41. Qh6 Qe5 42. Rd2 Rh8 43. Ng6+ fxg6 44. Qe3 Qxe3 45. fxe3 Rd8 46. e4 Re5 47. Kf3 c4 48. d4 Ra5 49. g4 Ra3+ 50. Kf4 Rd3 51. g5 Rxd2 0-1

[Event "Titled Tuesday intern op 04th Jun Early"]
[Site "Chess.com INT"]
[Date "2024.06.04"]
[Round "3"]
[White "Samarth, J Rao"]
[Black "Hua, Lefong"]
[Result "0-1"]
[WhiteElo "1770"]
[BlackElo "2305"]
[PlyCount "138"]
[EventDate "2024.06.04"]
[EventType "swiss (blitz)"]
[EventRounds "11"]
[EventCountry "USA"]
[SourceTitle "EXT 2025"]
[Source "ChessBase"]
[SourceDate "2024.10.14"]
[SourceVersion "1"]
[SourceVersionDate "2024.10.14"]
[SourceQuality "1"]

1. Nf3 Nf6 2. d4 g6 3. e3 Bg7 4. Be2 0-0 5. 0-0 c5 6. b3 b6 7. Bb2 Bb7 8. c4 cxd4 9. Nxd4 d6 10. Nc3 a6 11. Bf3 Qc7 12. Bxb7 Qxb7 13. Qf3 Qxf3 14. Nxf3 Nbd7 15. Rad1 Rfc8 16. Ne2 b5 17. Nd2 Rab8 18. Rc1 Nc5 19. Bxf6 Bxf6 20. cxb5 axb5 21. Nf4 e6 22. Rc2 Na6 23. Rxc8+ Rxc8 24. Ne4 Be7 25. a4 bxa4 26. bxa4 Rc4 27. Nd2 Rxa4 28. Nf3 Kg7 29. Rd1 d5 30. h3 Bf6 31. Ne2 Nc5 32. Nfd4 Ne4 33. Nf3 Ra2 34. Re1 h5 35. Nfd4 Bxd4 36. exd4 Rd2 37. f3 Nd6 38. Kf2 Nf5 39. Kf1 Nxd4 40. Nxd4 Rxd4 41. Ra1 h4 42. Ra2 g5 43. Kf2 Kf6 44. g3 hxg3+ 45. Kxg3 Kf5 46. Ra7 f6 47. Rd7 Rd3 48. Rd6 e5 49. Kf2 d4 50. Ke2 Ra3 51. Kf2 Ra2+ 52. Kg3 Rd2 53. h4 gxh4+ 54. Kxh4 Rg2 55. Kh3 Rg8 56. Rd5 Kf4 57. Rd6 f5 58. Rf6 Rg3+ 59. Kh2 Rxf3 60. Kg2 e4 61. Rd6 d3 62. Kg1 Ke3 63. Kg2 f4 64. Ra6 Rf2+ 65. Kg1 Rc2 66. Ra4 f3 67. Ra1 d2 68. Kf1 Rc1+ 69. Rxc1 dxc1R# 0-1

[Event "Titled Tuesday intern op 04th Jun Early"]
[Site "Chess.com INT"]
[Date "2024.06.04"]
[Round "2"]
[White "Samarth, J Rao"]
[Black "Jovic, Stanoje"]
[Result "1-0"]
[WhiteElo "1770"]
[BlackElo "2092"]
[PlyCount "111"]
[EventDate "2024.06.04"]
[EventType "swiss (blitz)"]
[EventRounds "11"]
[EventCountry "USA"]
[SourceTitle "EXT 2025"]
[Source "ChessBase"]
[SourceDate "2024.10.14"]
[SourceVersion "1"]
[SourceVersionDate "2024.10.14"]
[SourceQuality "1"]

1. Nf3 Nf6 2. d4 d5 3. e3 c5 4. Be2 Nc6 5. 0-0 Bg4 6. b3 Bxf3 7. Bxf3 cxd4 8. exd4 e6 9. Bb2 Bd6 10. Nd2 0-0 11. c4 Rc8 12. Rc1 Bf4 13. g3 Bh6 14. Bg2 Nb4 15. a3 Nd3 16. Rc2 Nxb2 17. Rxb2 Qa5 18. a4 Rfd8 19. b4 Qa6 20. c5 Qd3 21. Nf3 Qa3 22. Qb3 Qxb3 23. Rxb3 b6 24. Ne5 bxc5 25. bxc5 Nd7 26. f4 Nxe5 27. fxe5 Rc7 28. Rfb1 Kf8 29. Kf2 f6 30. exf6 gxf6 31. Rb8 Ke7 32. Rxd8 Kxd8 33. Rb8+ Rc8 34. Rxc8+ Kxc8 35. Bh3 Kd7 36. Ke2 Bc1 37. Kd3 a5 38. Bg4 Ke7 39. Bh5 h6 40. Be2 e5 41. Bg4 Bb2 42. dxe5 fxe5 43. c6 Kd6 44. Bd7 e4+ 45. Ke3 Bc1+ 46. Ke2 d4 47. Bf5 e3 48. Be4 Bb2 49. Kd3 Bc3 50. Bf3 Bb2 51. g4 Ba1 52. h4 Bb2 53. g5 hxg5 54. hxg5 e2 55. Bxe2 Kxc6 56. g6 1-0

[Event "Titled Tuesday intern op 04th Jun Early"]
[Site "Chess.com INT"]
[Date "2024.06.04"]
[Round "11"]
[White "Samarth, J Rao"]
[Black "Valle Luis, Leo"]
[Result "1-0"]
[WhiteElo "1770"]
[BlackElo "2241"]
[PlyCount "123"]
[EventDate "2024.06.04"]
[EventType "swiss (blitz)"]
[EventRounds "11"]
[EventCountry "USA"]
[SourceTitle "EXT 2025"]
[Source "ChessBase"]
[SourceDate "2024.10.14"]
[SourceVersion "1"]
[SourceVersionDate "2024.10.14"]
[SourceQuality "1"]

1. Nf3 Nf6 2. d4 e6 3. e3 c5 4. Be2 Nc6 5. 0-0 d5 6. b3 cxd4 7. Nxd4 Bd6 8. Bb2 Nxd4 9. Qxd4 0-0 10. c4 e5 11. Qh4 dxc4 12. Bxc4 Qe7 13. Nc3 Be6 14. Rad1 Rac8 15. Bxe6 Qxe6 16. Nb5 Bb8 17. Ba3 Rfd8 18. Rxd8+ Rxd8 19. Qa4 a6 20. Nc3 e4 21. g3 Rc8 22. Ne2 Ng4 23. Rc1 Rxc1+ 24. Bxc1 h5 25. Qc4 Qf5 26. Nf4 Ne5 27. Qe2 Nf3+ 28. Kg2 Bxf4 29. exf4 Qd5 30. Be3 g6 31. h3 Kh7 32. g4 Qe6 33. Kg3 f5 34. Qc4 Qxc4 35. bxc4 hxg4 36. hxg4 Kg7 37. a4 Kf7 38. a5 Ke6 39. Bb6 Nd2 40. c5 Nb3 41. Kh4 Kf6 42. Bd8+ Kf7 43. Bb6 Nd2 44. Kg3 Nf3 45. gxf5 gxf5 46. Ba7 Ke6 47. Bb6 Kd5 48. Kh3 Kc4 49. Kg3 Kd3 50. Kh3 Ke2 51. Kg3 Nd2 52. Kg2 Nb3 53. Ba7 Nxa5 54. Bb6 Nc6 55. Kg3 a5 56. Bd8 a4 57. Bf6 Nb4 58. Bd4 Nd3 59. Kh4 Nxf4 60. Kg5 Ne6+ 61. Kxf5 Nxd4+ 62. Kxe4 1-0

[Event "Titled Tuesday intern op 28th May Early"]
[Site "Chess.com INT"]
[Date "2024.05.28"]
[Round "1"]
[White "Samarth, J Rao"]
[Black "Le Ruyet, Leopold"]
[Result "0-1"]
[WhiteElo "1770"]
[BlackElo "2229"]
[PlyCount "120"]
[EventDate "2024.05.28"]
[EventType "swiss (blitz)"]
[EventRounds "11"]
[EventCountry "USA"]
[SourceTitle "EXT 2025"]
[Source "ChessBase"]
[SourceDate "2024.10.14"]
[SourceVersion "1"]
[SourceVersionDate "2024.10.14"]
[SourceQuality "1"]

1. e4 e6 2. d4 d5 3. exd5 exd5 4. Bd3 Nc6 5. c3 Bd6 6. Ne2 Nge7 7. 0-0 Bg4 8. f3 Bh5 9. Bf4 Bg6 10. Qc2 Qd7 11. Nd2 0-0-0 12. a4 f6 13. a5 a6 14. Bxd6 Qxd6 15. b4 Qe6 16. Kf2 Nf5 17. Bxf5 Bxf5 18. Nf4 Qd7 19. Qb2 g5 20. Ne2 Rhe8 21. Rfe1 Bd3 22. Ng3 Na7 23. Nb3 Bc4 24. Nc5 Qf7 25. Qc2 Qg6 26. Qf5+ Qxf5 27. Nxf5 Nb5 28. Ne3 Nxc3 29. Nxc4 dxc4 30. Rxe8 Rxe8 31. Rc1 Nd5 32. Rd1 Nxb4 33. Ne4 Nd3+ 34. Kg3 f5 35. Nxg5 f4+ 36. Kh4 Re2 37. d5 Rxg2 38. Ne6 h6 39. Kh5 Rxh2+ 40. Kg6 Kd7 41. Kf5 Kd6 42. Ke4 Nf2+ 43. Kxf4 Nxd1 44. Kg3 Re2 45. Nd4 Re8 46. f4 Kxd5 47. Nc2 Ne3 48. Ne1 Kd4 49. Nf3+ Kd3 50. Ne5+ Rxe5 51. fxe5 Nd5 52. e6 c3 53. Kg4 Ne7 54. Kh5 c2 55. Kxh6 c1Q+ 56. Kg7 Qg5+ 57. Kf7 Nd5 58. Kf8 Qe7+ 59. Kg8 Nf6+ 60. Kh8 Qh7# 0-1

[Event "Titled Tuesday intern op 21st May Early"]
[Site "Chess.com INT"]
[Date "2024.05.21"]
[Round "10"]
[White "Samarth, J Rao"]
[Black "Sakhayi, Mostafa"]
[Result "0-1"]
[WhiteElo "1770"]
[BlackElo "2181"]
[PlyCount "84"]
[EventDate "2024.05.21"]
[EventType "swiss (blitz)"]
[EventRounds "11"]
[EventCountry "USA"]
[SourceTitle "CBM 220 Extra"]
[Source "ChessBase"]
[SourceDate "2024.07.31"]
[SourceVersion "1"]
[SourceVersionDate "2024.07.31"]
[SourceQuality "1"]

1. Nf3 d5 2. c4 e6 3. e3 Nf6 4. b3 g6 5. Bb2 Bg7 6. Be2 0-0 7. 0-0 Nbd7 8. cxd5 exd5 9. Nc3 c6 10. Rc1 Re8 11. Na4 Nb6 12. Nxb6 axb6 13. a4 Qd6 14. Qc2 Bf5 15. d3 h5 16. Rfd1 Nd7 17. Bxg7 Kxg7 18. Qc3+ Qf6 19. Qxf6+ Kxf6 20. Nd4 c5 21. Nxf5 Kxf5 22. Bf3 Nf6 23. d4 cxd4 24. Rxd4 Rac8 25. Rxc8 Rxc8 26. g3 Ke5 27. Rb4 Rc6 28. Kg2 Ne4 29. Bxe4 dxe4 30. Rb5+ Kd6 31. h3 Kc7 32. g4 h4 33. Re5 Re6 34. Rxe6 fxe6 35. f4 Kd6 36. b4 Kd5 37. a5 bxa5 38. bxa5 Kc5 39. Kf2 Kb5 40. Ke2 Kxa5 41. Kd2 Kb4 42. Kc2 Kc4 0-1

[Event "Titled Tuesday intern op 21st May Early"]
[Site "Chess.com INT"]
[Date "2024.05.21"]
[Round "4"]
[White "Samarth, J Rao"]
[Black "Saragih, Arif Rahman"]
[Result "1-0"]
[WhiteElo "1770"]
[BlackElo "2181"]
[PlyCount "73"]
[EventDate "2024.05.21"]
[EventType "swiss (blitz)"]
[EventRounds "11"]
[EventCountry "USA"]
[SourceTitle "CBM 220 Extra"]
[Source "ChessBase"]
[SourceDate "2024.07.31"]
[SourceVersion "1"]
[SourceVersionDate "2024.07.31"]
[SourceQuality "1"]

1. e4 d6 2. Nc3 g6 3. g3 Bg7 4. Bg2 Nf6 5. Nge2 c5 6. 0-0 Nc6 7. h3 Bd7 8. d3 a6 9. Kh2 h5 10. f4 Qc8 11. Nd5 Ng4+ 12. hxg4 hxg4+ 13. Kg1 Nd4 14. Nxd4 cxd4 15. Nb6 Qd8 16. Nxa8 Qxa8 17. f5 gxf5 18. exf5 Qc8 19. Qxg4 Kf8 20. Qe2 Bxf5 21. Qf2 Be6 22. Bg5 Qc5 23. Bh4 Qh5 24. Qf3 Bg4 25. Qxb7 Kg8 26. Qxe7 Be6 27. Rae1 Bh6 28. Qe8+ Kg7 29. Bf6+ Kg6 30. Qxh8 Be3+ 31. Rxe3 Qxh8 32. Bxh8 dxe3 33. Bd4 e2 34. Re1 Bg4 35. Kf2 f5 36. Bf3 Bxf3 37. Kxf3 1-0

[Event "Titled Tuesday intern op 21st May Early"]
[Site "Chess.com INT"]
[Date "2024.05.21"]
[Round "5"]
[White "Samarth, J Rao"]
[Black "Soraas, Torben"]
[Result "0-1"]
[WhiteElo "1770"]
[BlackElo "2112"]
[PlyCount "198"]
[EventDate "2024.05.21"]
[EventType "swiss (blitz)"]
[EventRounds "11"]
[EventCountry "USA"]
[SourceTitle "CBM 220 Extra"]
[Source "ChessBase"]
[SourceDate "2024.07.31"]
[SourceVersion "1"]
[SourceVersionDate "2024.07.31"]
[SourceQuality "1"]

1. e4 e6 2. d4 d5 3. exd5 exd5 4. Bd3 Nc6 5. c3 Bd6 6. Ne2 Nge7 7. 0-0 Bg4 8. f3 Bh5 9. Bf4 Bg6 10. Qc2 Bxf4 11. Nxf4 Qd6 12. Ne2 0-0 13. Nd2 Rae8 14. Rae1 Nd8 15. Nb3 b6 16. Qd2 c6 17. Qf4 Nb7 18. Nbc1 Nf5 19. Bxf5 Qxf4 20. Nxf4 Bxf5 21. Kf2 Nd6 22. Rxe8 Rxe8 23. Re1 Rxe1 24. Kxe1 Nc4 25. b3 Nd6 26. Kd2 Kf8 27. a4 Ke7 28. Nfd3 f6 29. Ne2 g5 30. Ng3 Bd7 31. Nf1 h5 32. Ne3 h4 33. h3 Kf7 34. Kc2 Ke6 35. Kd2 Ke7 36. Kc2 a5 37. Kd2 Kf7 38. Nf2 Kg6 39. Nd3 Kf7 40. Nf2 Ke7 41. Nd3 Ke6 42. Nf2 Nc8 43. Kd3 Ne7 44. Kd2 Kd6 45. Nd3 Ng6 46. Ke2 Ke6 47. Kd2 Bc8 48. Nc2 Ba6 49. Nce1 Kf5 50. Ke3 Ke6 51. Kd2 Kf7 52. Ke3 Kg7 53. Kd2 Kh6 54. Ke3 Kh5 55. Kd2 f5 56. Ke3 g4 57. fxg4+ fxg4 58. Nf4+ Nxf4 59. Kxf4 gxh3 60. gxh3 Bc8 61. Nf3 Bxh3 62. Ne5 c5 63. dxc5 bxc5 64. c4 d4 65. Nd3 Bf1 66. Nxc5 d3 67. Ne4 h3 68. Kg3 Bg2 69. Nd2 Kg5 70. c5 Kf6 71. Nc4 Ke6 72. Ne3 d2 73. Nd1 Kd5 74. Nb2 Kxc5 75. Nd3+ Kd4 76. Nf2 Kc3 77. Kf4 Kxb3 78. Ke3 Kxa4 79. Kxd2 h2 80. Kc2 Ka3 81. Kb1 Kb3 82. Ka1 a4 83. Kb1 a3 84. Ka1 a2 85. Nd1 Kc2 86. Nf2 Kd2 87. Kxa2 Ke2 88. Ne4 Bxe4 89. Ka3 h1Q 90. Kb4 Qd1 91. Kc5 Qd3 92. Kb6 Qd5 93. Kc7 Qc6+ 94. Kd8 Qb7 95. Ke8 Kd3 96. Kf8 Kd4 97. Kg8 Ke5 98. Kf8 Ke6 99. Ke8 Qb8# 0-1

[Event "Titled Tuesday intern op 14th May Early"]
[Site "Chess.com INT"]
[Date "2024.05.14"]
[Round "7"]
[White "Jaque Gutierrez, Matias"]
[Black "Samarth, J Rao"]
[Result "0-1"]
[WhiteElo "2238"]
[BlackElo "1770"]
[PlyCount "154"]
[EventDate "2024.05.14"]
[EventType "swiss (blitz)"]
[EventRounds "11"]
[EventCountry "USA"]
[SourceTitle "EXT 2025"]
[Source "ChessBase"]
[SourceDate "2024.10.14"]
[SourceVersion "1"]
[SourceVersionDate "2024.10.14"]
[SourceQuality "1"]

1. c4 e6 2. g3 Nf6 3. Bg2 d5 4. Nf3 Be7 5. 0-0 0-0 6. b3 Nbd7 7. Bb2 c6 8. d3 b5 9. Nd4 Bb7 10. cxb5 c5 11. Nc6 Bxc6 12. bxc6 Nb8 13. d4 Nxc6 14. dxc5 Bxc5 15. Qc1 Qb6 16. Nc3 Be7 17. Na4 Qb7 18. Nc5 Qb6 19. Bxf6 Bxf6 20. Nd7 Qb7 21. Nxf8 Bxa1 22. Nxh7 Be5 23. Ng5 Nd4 24. Qd2 Bf6 25. h4 Rc8 26. e3 Nf5 27. Rc1 Rc7 28. e4 Rxc1+ 29. Qxc1 Bxg5 30. Qxg5 dxe4 31. Qf4 Qa6 32. Bxe4 Qxa2 33. Bxf5 exf5 34. Qxf5 Qxb3 35. h5 Qb6 36. Qc8+ Kh7 37. Qc2+ Kg8 38. Qf5 a6 39. Qc8+ Kh7 40. Kg2 Qd6 41. Qc2+ Kg8 42. h6 Qxh6 43. Qc8+ Kh7 44. Qf5+ Qg6 45. Qc8 Qh6 46. Qa8 Qg6 47. Qb7 Qf6 48. Qa8 Kg6 49. Qa7 Kh7 50. Qc5 Qe6 51. Qa5 Kg6 52. Kg1 Kf6 53. Qc3+ Qe5 54. Qc6+ Qe6 55. Qc3+ Ke7 56. Qc7+ Qd7 57. Qe5+ Qe6 58. Qc5+ Ke8 59. Qa7 g6 60. Qa8+ Ke7 61. Qb7+ Kf6 62. Qb2+ Qe5 63. Qb6+ Qe6 64. Qb2+ Ke7 65. Qa3+ Ke8 66. Kg2 Qe4+ 67. Kh2 Qe6 68. Qa4+ Kf8 69. Qb4+ Kg8 70. Qb8+ Kh7 71. Qb2 Qf5 72. Qb6 a5 73. Kg2 Qe4+ 74. Kg1 Qf5 75. Qa6 Qd5 76. Qa7 Qe6 77. Qa6 Qxa6 0-1

[Event "Titled Tuesday intern op 14th May Early"]
[Site "Chess.com INT"]
[Date "2024.05.14"]
[Round "11"]
[White "Slovineanu, Viacheslav"]
[Black "Samarth, J Rao"]
[Result "1-0"]
[WhiteElo "2412"]
[BlackElo "1770"]
[PlyCount "41"]
[EventDate "2024.05.14"]
[EventType "swiss (blitz)"]
[EventRounds "11"]
[EventCountry "USA"]
[SourceTitle "EXT 2025"]
[Source "ChessBase"]
[SourceDate "2024.10.14"]
[SourceVersion "1"]
[SourceVersionDate "2024.10.14"]
[SourceQuality "1"]

1. d4 d5 2. Nf3 Nf6 3. c4 e6 4. e3 Be7 5. b3 0-0 6. Bd3 dxc4 7. bxc4 c5 8. 0-0 Nc6 9. Bb2 b6 10. Nc3 Bb7 11. Qe2 cxd4 12. exd4 Rc8 13. Rad1 Qc7 14. d5 exd5 15. Nxd5 Nxd5 16. cxd5 Nb4 17. Bb1 Bd6 18. Ng5 g6 19. Nxh7 Bxh2+ 20. Kh1 Qf4 21. Nf6+ 1-0

[Event "Titled Tuesday intern op 30th Apr Early"]
[Site "Chess.com INT"]
[Date "2024.04.30"]
[Round "6"]
[White "Brzezina, Piotr"]
[Black "Samarth, J Rao"]
[Result "1-0"]
[WhiteElo "2346"]
[BlackElo "1770"]
[PlyCount "87"]
[EventDate "2024.04.30"]
[EventType "swiss (blitz)"]
[EventRounds "11"]
[EventCountry "USA"]
[SourceTitle "CBM 220 Extra"]
[Source "ChessBase"]
[SourceDate "2024.07.31"]
[SourceVersion "1"]
[SourceVersionDate "2024.07.31"]
[SourceQuality "1"]

1. Nf3 Nf6 2. g3 e6 3. Bg2 d5 4. 0-0 Be7 5. c4 0-0 6. d4 c5 7. cxd5 Nxd5 8. Nc3 Nxc3 9. bxc3 Nd7 10. e4 Qa5 11. Bd2 b6 12. d5 Ba6 13. c4 Qa3 14. Qb3 Qxb3 15. axb3 Bb7 16. Bc3 Bf6 17. e5 Be7 18. d6 Bd8 19. Nd2 Bxg2 20. Kxg2 f6 21. f4 a5 22. f5 Nxe5 23. fxe6 Re8 24. Bxe5 fxe5 25. e7 Bxe7 26. dxe7 Rxe7 27. Ne4 Rd8 28. Rad1 Rd4 29. Nc3 Red7 30. Nd5 h6 31. Kf3 b5 32. Rxd4 exd4 33. Ke4 a4 34. bxa4 bxc4 35. a5 c3 36. Ra1 c2 37. a6 d3 38. Kxd3 Rxd5+ 39. Kxc2 Rd8 40. a7 Ra8 41. Kc3 Kf7 42. Kc4 Ke7 43. Kxc5 Kd7 44. Kb6 1-0

[Event "Titled Tuesday intern op 30th Apr Late"]
[Site "Chess.com INT"]
[Date "2024.04.30"]
[Round "2"]
[White "Samarth, J Rao"]
[Black "Paragua, Megan Althea"]
[Result "1-0"]
[WhiteElo "1770"]
[BlackElo "1982"]
[PlyCount "117"]
[EventDate "2024.04.30"]
[EventType "swiss (blitz)"]
[EventRounds "11"]
[EventCountry "USA"]
[SourceTitle "EXT 2025"]
[Source "ChessBase"]
[SourceDate "2024.10.14"]
[SourceVersion "1"]
[SourceVersionDate "2024.10.14"]
[SourceQuality "1"]

1. e4 c5 2. Nf3 Nf6 3. Nc3 e6 4. d4 cxd4 5. Nxd4 Nc6 6. Be3 Bb4 7. f3 d5 8. Nxc6 bxc6 9. exd5 Nxd5 10. Bd4 e5 11. Bxe5 Qe7 12. Qe2 f6 13. Bd4 c5 14. Qxe7+ Kxe7 15. Bxc5+ Bxc5 16. Nxd5+ Kd6 17. 0-0-0 Bb7 18. Nxf6+ Ke6 19. Ne4 Bxe4 20. fxe4 Rhd8 21. Bc4+ Ke5 22. Bd5 Rab8 23. c3 Rf8 24. Rhf1 Bf2 25. Kc2 Rf6 26. Rd3 Rbf8 27. b4 Bb6 28. Rdf3 Rxf3 29. Rxf3 Rxf3 30. gxf3 g5 31. Kd3 h5 32. c4 Bg1 33. h3 Bb6 34. c5 Bd8 35. a4 a5 36. b5 Be7 37. b6 Bxc5 38. b7 Bd6 39. Kc4 Kf6 40. Kb5 Ke7 41. Kxa5 Kd8 42. Kb6 Bg3 43. a5 Bf2+ 44. Kc6 Ba7 45. Kd6 Bb8+ 46. Ke6 Kc7 47. Kf5 g4 48. fxg4 hxg4 49. Kxg4 Ba7 50. h4 Be3 51. h5 Kb8 52. a6 Ka7 53. e5 Bd4 54. e6 Bf6 55. h6 Bd4 56. h7 Bf6 57. e7 Bxe7 58. h8Q Bf8 59. Qxf8 1-0

[Event "Titled Tuesday intern op 23rd Apr Early"]
[Site "Chess.com INT"]
[Date "2024.04.23"]
[Round "5"]
[White "Samarth, J Rao"]
[Black "Cardozo Munar, Carlos Eduardo"]
[Result "1-0"]
[WhiteElo "1770"]
[BlackElo "2043"]
[PlyCount "73"]
[EventDate "2024.04.23"]
[EventType "swiss (blitz)"]
[EventRounds "11"]
[EventCountry "USA"]
[SourceTitle "EXT 2025"]
[Source "ChessBase"]
[SourceDate "2024.10.14"]
[SourceVersion "1"]
[SourceVersionDate "2024.10.14"]
[SourceQuality "1"]

1. e4 e6 2. d4 d5 3. exd5 exd5 4. Bd3 Bd6 5. Ne2 Ne7 6. 0-0 0-0 7. Bf4 c5 8. c3 Nbc6 9. Bxd6 Qxd6 10. dxc5 Qxc5 11. Nd2 Bg4 12. Nb3 Qd6 13. f3 Bh5 14. Qd2 Bg6 15. Rfe1 Rfe8 16. Ned4 Ne5 17. Bxg6 N7xg6 18. Rad1 a6 19. Nf5 Qf6 20. Ng3 Nc4 21. Qxd5 Nxb2 22. Ne4 Qb6+ 23. Qd4 Qxd4+ 24. Rxd4 b5 25. Na5 Rac8 26. Re2 Na4 27. Rc2 f5 28. Nd6 Ne5 29. Nxe8 Rxe8 30. Kf2 g6 31. c4 bxc4 32. Nxc4 Nf7 33. Nd6 Nxd6 34. Rxd6 Ra8 35. Rcc6 a5 36. Rd4 Nb2 37. Rb6 1-0

[Event "Titled Tuesday intern op 19th Mar Early"]
[Site "Chess.com INT"]
[Date "2024.03.19"]
[Round "4"]
[White "Samarth, J Rao"]
[Black "Arias Santana, Mauricio"]
[Result "1-0"]
[WhiteElo "1770"]
[BlackElo "2259"]
[PlyCount "93"]
[EventDate "2024.03.19"]
[EventType "swiss (blitz)"]
[EventRounds "11"]
[EventCountry "USA"]
[SourceTitle "EXT 2025"]
[Source "ChessBase"]
[SourceDate "2024.10.14"]
[SourceVersion "1"]
[SourceVersionDate "2024.10.14"]
[SourceQuality "1"]

1. Nf3 Nf6 2. c4 g6 3. b3 Bg7 4. Bb2 0-0 5. e3 d6 6. d4 Nc6 7. Be2 Ne4 8. 0-0 e5 9. Nbd2 Nxd2 10. Qxd2 exd4 11. Nxd4 Nxd4 12. Bxd4 Bd7 13. Bf3 Bc6 14. Bxg7 Kxg7 15. Qd4+ Qf6 16. Qxf6+ Kxf6 17. Bxc6 bxc6 18. Rfd1 c5 19. f3 Rfe8 20. Kf2 a5 21. Rab1 Reb8 22. Rd2 Rb4 23. Ke2 a4 24. Rdb2 Rab8 25. Kd3 c6 26. Kc3 d5 27. a3 Rxb3+ 28. Rxb3 axb3 29. Rxb3 d4+ 30. Kc2 Ra8 31. Rb6 dxe3 32. Rxc6+ Ke5 33. Rxc5+ Kd4 34. Rd5+ Kxc4 35. Rd3 e2 36. Rc3+ Kd4 37. Rd3+ Ke5 38. Kd2 Kf4 39. Kxe2 Re8+ 40. Kf2 Rb8 41. g3+ Ke5 42. Ke3 Rb2 43. h3 Ra2 44. Rb3 h5 45. g4 h4 46. f4+ Kf6 47. Kd4 1-0